| 000 | 00615nam a22002057a 4500 | ||
|---|---|---|---|
| 003 | OSt | ||
| 005 | 20230728133527.0 | ||
| 008 | 130226t xxu||||| |||| 00| 0 eng d | ||
| 020 | _a978-1-61997-435-7 | ||
| 050 |
_aPE 1129 _b.C66 2013 |
||
| 245 |
_aCommon core coach : english language arts 8 _cCommon Core Coach |
||
| 260 |
_aNew York _bTriumph Learning _cc2013 |
||
| 300 |
_a248 p. ; _c27 cm. _bcol. ill. |
||
| 562 | _e1 | ||
| 650 |
_aEnglish--Study and teaching (high school) _91085 |
||
| 650 | _2Language arts (elementary) | ||
| 650 |
_2Inquiry _xbased learning. _91086 |
||
| 942 |
_2lcc _cBK |
||
| 999 |
_c1879 _d1879 |
||